000 00980nam a2200253Ia 4500
003 OSt
005 20220923211110.0
006 a|||||r|||| 00| 0
007 ta
008 220922b |||||||| |||| 00| 0 hin d
020 _a8181430271 (hbk)
_c300
024 _a238,905
037 _b381, 29/01/2009, Vani Prakashan
_cTextual
040 _aARTS
_cARTS
_bhin
041 _2hin
_ahin
082 _aO152,6N161x, P3
100 _aनागर, अमृतलाल; नागर, शरद, संपा.
_9158215
245 0 _aफ़िल्मक्षेत्रे - रंगक्षेत्रे
246 _aफ़ilmakṣhetre - rangakṣhetre
260 _aनयी दिल्ली
_b वाणी प्रकाशन
_c2003
300 _a203पृ.
_ccm.
942 _hO152,6N161x, P3
_cTEXL
_2CC
999 _c295215
_d295215